Normal view
MARC view
- Wagner,William R
Entry Personal Name
001 - CONTROL NUMBER
- control field: 55205
003 - CONTROL NUMBER IDENTIFIER
- control field: NUST
005 - DATE AND TIME OF LATEST TRANSACTION
- control field: 20210519153411.0
008 - FIXED-LENGTH DATA ELEMENTS
- fixed length control field: 210519|| aca||aabn | a|a d
040 ## - CATALOGING SOURCE
- Original cataloging agency: NUST
- Transcribing agency: NUST
100 ## - HEADING--PERSONAL NAME
- Personal name: Wagner,William R
670 ## - SOURCE DATA FOUND
- Source citation: Work cat.: (NUST): Wagner,William R, Biomaterials science (an introduction to materials in medicine), 2020
